000 00519nam a2200193Ia 4500
008 120903t1961 xxu||||| |||| 00| 0 sin d
041 _asin
080 _a8 S. 03 : 820 - 31
_bBUC
100 _aBuck, Pearl S.
245 _aසාර භුමි
246 _aSara Bhumi
260 _aSaman Publishers
_aMaharagama
_c1961
300 _b337p, ill, 18 cm
700 _aHemaloka Himi, Urapola
700 _aWijayawardhana, Hemapala
_etr.
942 _cBK
999 _c39483
_d39483
003 LK-CoDNM
040 _aLK-CoDNM
_dLK-CoDNM
_eLK-CoDNM